[Event "European Youth Chess Championship B14"]
[Site "Prague, Top Hotel Prague"]
[Date "2016.08.26"]
[Round "8.20"]
[White "Davtyan, Artur"]
[Black "Milosevic, Milos"]
[Result "1-0"]
[WhiteElo "2304"]
[BlackElo "2132"]
[PlyCount "107"]
[EventDate "2016.08.18"]

1. e4 c5 2. Nf3 d6 3. d4 cxd4 4. Nxd4 Nf6 5. Nc3 a6 6. Be3 e5 7. Nb3 Be6 8. f3
Be7 9. Qd2 O-O 10. O-O-O Nbd7 11. g4 b5 12. h4 b4 13. Nd5 Bxd5 14. exd5 a5 15.
g5 a4 16. Na1 Nh5 17. Qxb4 Ng3 18. Rg1 Nf5 19. Bf2 g6 20. Bd3 Ng7 21. c3 f5 22.
gxf6 Rxf6 23. Be4 a3 24. b3 Rc8 25. Nc2 Nc5 26. Bxc5 Rxc5 27. Nxa3 Rf4 28. Nc4
Qc7 29. Rg4 Rxg4 30. fxg4 Bxh4 31. Kb2 Ne8 32. Bf3 Nf6 33. Nxe5 dxe5 34. d6 Qa7
35. d7 Nxd7 36. Rxd7 Qxd7 37. Qxc5 Qd2+ 38. Ka3 Kg7 39. Qxe5+ Bf6 40. Qc7+ Kf8
41. b4 Bxc3 42. Qc4 Qc2 43. Qc5+ Kf7 44. Bd5+ Kg7 45. Bb3 Bb2+ 46. Ka4 Qxc5 47.
bxc5 Kf8 48. Kb5 Ke7 49. a4 Kd7 50. Kb6 Kc8 51. a5 Be5 52. a6 Bc7+ 53. Kc6 Bb8
54. Be6+ 1-0

[Event "European Youth Chess Championship B14"]
[Site "Prague, Top Hotel Prague"]
[Date "2016.08.26"]
[Round "8.21"]
[White "Karayev, Kanan"]
[Black "Vodila, Martin Botond"]
[Result "1-0"]
[WhiteElo "2275"]
[BlackElo "2047"]
[PlyCount "89"]
[EventDate "2016.08.18"]

1. e4 e6 2. d4 d5 3. Nd2 Nf6 4. e5 Nfd7 5. Bd3 c5 6. c3 Nc6 7. Ne2 Qb6 8. Nf3
Be7 9. O-O a6 10. Nf4 Qc7 11. h4 b5 12. Qc2 Nf8 13. dxc5 Bxc5 14. b4 Be7 15. a4
Rb8 16. axb5 axb5 17. Qe2 Qb7 18. Be3 Ng6 19. Nxg6 hxg6 20. g3 Bd7 21. Ra2 O-O
22. Rfa1 Ra8 23. Bd4 Nxd4 24. Nxd4 Rfc8 25. Rxa8 Rxa8 26. Rc1 Rc8 27. Rc2 Qa6
28. Kg2 Rb8 29. f4 Qb6 30. Qf2 Rc8 31. g4 Qc7 32. g5 Qb6 33. Kg3 Qa6 34. Ra2
Qb6 35. Nxb5 Qxf2+ 36. Kxf2 Bxb5 37. Bxb5 Rxc3 38. Ra8+ Bf8 39. Be2 Rb3 40. b5
f6 41. h5 gxh5 42. f5 fxe5 43. fxe6 Ra3 44. Rd8 Ra7 45. b6 1-0

[Event "European Youth Chess Championship B14"]
[Site "Prague, Top Hotel Prague"]
[Date "2016.08.26"]
[Round "8.22"]
[White "Travadon, Loic"]
[Black "Golikov, Daniil"]
[Result "1/2-1/2"]
[WhiteElo "2258"]
[BlackElo "2098"]
[PlyCount "198"]
[EventDate "2016.08.18"]

1. e4 e6 2. d3 c5 3. Nf3 Nc6 4. g3 d5 5. Nbd2 g6 6. Bg2 Bg7 7. O-O Nge7 8. Re1
O-O 9. e5 Qc7 10. Qe2 h6 11. h4 b6 12. Nf1 a5 13. N1h2 h5 14. g4 Ba6 15. gxh5
gxh5 16. Ng5 Qxe5 17. Qxh5 Qf5 18. Bh3 Qg6 19. Qd1 e5 20. Kh1 Bc8 21. h5 Qd6
22. Rg1 Kh8 23. h6 Bf6 24. Bxc8 Raxc8 25. Qh5 Bxg5 26. Bxg5 f6 27. Bh4 Qe6 28.
Rg7 Qf5 29. Qg4 Qxg4 30. Nxg4 Ng8 31. Rg1 f5 32. Ne3 Nxh6 33. Rb7 Ng4 34. Nxg4
fxg4 35. Rxg4 Rf4 36. Rxf4 exf4 37. c3 Kg8 38. Kg2 Ne5 39. d4 cxd4 40. cxd4 Nc6
41. Rxb6 Nxd4 42. Bf6 Nc6 43. Rb5 Kf7 44. Bc3 Ke6 45. Kf3 d4 46. Bd2 Ne5+ 47.
Ke4 Ng4 48. Rb6+ Ke7 49. Bxf4 Nxf2+ 50. Kxd4 Rc2 51. Bd6+ Kd7 52. Ba3 Nd1 53.
Kd3 Rg2 54. Kc4 Kc7 55. Rb5 Kc6 56. Rc5+ Kb6 57. Rb5+ Ka6 58. Rb8 Ka7 59. Rb3
Ka6 60. Rb8 Ka7 61. Rd8 Nxb2+ 62. Kb3 a4+ 63. Kc3 Nd1+ 64. Rxd1 Rxa2 65. Kb4
Kb6 66. Kxa4 Rh2 67. Rd6+ Kc7 68. Kb5 Rb2+ 69. Kc4 Rc2+ 70. Kb3 Rh2 71. Rg6
Rh3+ 72. Ka4 Rh4+ 73. Kb5 Rh5+ 74. Bc5 Kd7 75. Kc4 Rh1 76. Bd4 Rh5 77. Kd3 Rh1
78. Ke4 Kc7 79. Kd5 Rh5+ 80. Be5+ Kb7 81. Rg8 Ka7 82. Rg1 Kb6 83. Rb1+ Ka5 84.
Kd4 Ka6 85. Ke4 Rh6 86. Bd4 Rh5 87. Kd3 Rb5 88. Rh1 Kb7 89. Kc4 Rg5 90. Bc5 Kc6
91. Rh6+ Kd7 92. Rd6+ Ke8 93. Rh6 Kf7 94. Bd4 Rg6 95. Rh5 Rd6 96. Kd3 Re6 97.
Ra5 Kg6 98. Ra1 Re8 99. Rf1 Kg5 1/2-1/2

[Event "European Youth Chess Championship B14"]
[Site "Prague, Top Hotel Prague"]
[Date "2016.08.26"]
[Round "8.23"]
[White "Petriashvili, Nikoloz"]
[Black "Pavlov, Danila"]
[Result "1/2-1/2"]
[WhiteElo "2198"]
[BlackElo "2077"]
[PlyCount "103"]
[EventDate "2016.08.18"]

1. c4 g6 2. Nc3 Bg7 3. g3 d6 4. Bg2 e5 5. e4 Ne7 6. Nge2 O-O 7. O-O Be6 8. d3
c6 9. Be3 Nd7 10. f4 Qc7 11. Rc1 f5 12. Kh1 Nf6 13. Nd5 Qd7 14. Nxf6+ Bxf6 15.
Qd2 Rad8 16. Bxa7 Ra8 17. Bf2 Rxa2 18. fxe5 Bxe5 19. Nc3 Raa8 20. exf5 Bxf5 21.
Ne4 Bg7 22. Be3 Bxe4 23. Bxe4 Nf5 24. Bf4 Bd4 25. b4 Rae8 26. b5 Rf7 27. Qg2
Ne7 28. bxc6 bxc6 29. Bg5 Ref8 30. Bxe7 Rxf1+ 31. Rxf1 Rxf1+ 32. Qxf1 Qxe7 33.
Bxc6 Kg7 34. Be4 Qf6 35. Bf3 Qe5 36. Kg2 Qe3 37. Bd5 Qd2+ 38. Kh1 Qf2 39. Qxf2
Bxf2 40. Kg2 Bd4 41. Kf3 Kf6 42. Bg8 Kg7 43. Bd5 Kf6 44. Kf4 Bg1 45. h3 h5 46.
Bb7 Bf2 47. g4 hxg4 48. hxg4 g5+ 49. Ke4 Ke7 50. Kd5 Be3 51. Bc8 Bf2 52. Bf5
1/2-1/2

[Event "European Youth Chess Championship B14"]
[Site "Prague, Top Hotel Prague"]
[Date "2016.08.26"]
[Round "8.24"]
[White "Vestby-Ellingsen, Mads"]
[Black "Golding, Alex"]
[Result "1-0"]
[WhiteElo "2184"]
[BlackElo "1958"]
[PlyCount "81"]
[EventDate "2016.08.18"]

1. e4 e5 2. Nf3 Nc6 3. Bc4 Bc5 4. c3 Nf6 5. d3 d6 6. Bb3 Be6 7. Bc2 Bb6 8. O-O
Qe7 9. h3 O-O-O 10. b4 d5 11. Qe2 dxe4 12. dxe4 Nh5 13. Kh1 f6 14. a4 a5 15. b5
Nb8 16. Nxe5 g6 17. Nf3 Nd7 18. Na3 Rhe8 19. Nc4 Bxf2 20. Qxf2 Bxc4 21. Ba3 Qf7
22. Rfd1 b6 23. Rd4 Qe6 24. Nd2 Ne5 25. Nxc4 Rxd4 26. cxd4 Nxc4 27. Bb3 g5 28.
Rc1 Qxe4 29. Bxc4 Nf4 30. Kh2 h5 31. Qc2 Qb7 32. Bf1 Re2 33. Qc6 Qxc6 34. Rxc6
Ra2 35. Bd6 Kd7 36. Bxc7 Rxa4 37. Bxf4 gxf4 38. Rxb6 Rxd4 39. Rxf6 Kc7 40. Ra6
a4 41. Be2 1-0

[Event "European Youth Chess Championship B14"]
[Site "Prague, Top Hotel Prague"]
[Date "2016.08.26"]
[Round "8.25"]
[White "Nowak, Mikolaj"]
[Black "De, Boer Eelke"]
[Result "1-0"]
[WhiteElo "2123"]
[BlackElo "2183"]
[PlyCount "91"]
[EventDate "2016.08.18"]

1. d4 Nf6 2. c4 g6 3. Nc3 Bg7 4. Nf3 O-O 5. g3 d6 6. Bg2 Nc6 7. O-O a6 8. h3
Rb8 9. e4 e6 10. Re1 b5 11. cxb5 axb5 12. Be3 b4 13. Ne2 d5 14. e5 Nd7 15. Nf4
Na5 16. Nd3 c6 17. b3 Ba6 18. Nc5 Bc8 19. Bg5 Qb6 20. Be7 Re8 21. Bd6 Ra8 22.
Qd2 Bf8 23. Bxf8 Nxf8 24. Nh2 Nb7 25. Ng4 Kg7 26. Qh6+ Kh8 27. Qf4 Qd8 28. Nh6
Kg7 29. Nxb7 Bxb7 30. Nxf7 Qe7 31. Nd6 Reb8 32. Re3 Nd7 33. Rf3 Rf8 34. Qd2
Rxf3 35. Bxf3 Ba6 36. Qxb4 Kg8 37. Qc3 Rf8 38. Bg2 Nb8 39. b4 Qa7 40. a4 Qb6
41. Rb1 Nd7 42. Rb2 Ra8 43. a5 Qc7 44. b5 Bb7 45. b6 Qb8 46. Qf3 1-0

[Event "European Youth Chess Championship B14"]
[Site "Prague, Top Hotel Prague"]
[Date "2016.08.26"]
[Round "8.26"]
[White "Zimmer, Raphael"]
[Black "Jazdanovs, Aleksandrs"]
[Result "1-0"]
[WhiteElo "2180"]
[BlackElo "2040"]
[PlyCount "31"]
[EventDate "2016.08.18"]

1. e4 c6 2. c4 d5 3. exd5 cxd5 4. cxd5 Nf6 5. Qa4+ Nbd7 6. Nc3 a6 7. Nf3 Rb8 8.
Qf4 b5 9. b4 Bb7 10. Bb2 Nxd5 11. Nxd5 Bxd5 12. Bd3 e5 13. Nxe5 Bd6 14. O-O O-O
15. Qf5 Nf6 16. Ng4 1-0

[Event "European Youth Chess Championship B14"]
[Site "Prague, Top Hotel Prague"]
[Date "2016.08.26"]
[Round "8.27"]
[White "Martinovici, Ilie"]
[Black "Vuckovic, Marko"]
[Result "1-0"]
[WhiteElo "2170"]
[BlackElo "1834"]
[PlyCount "65"]
[EventDate "2016.08.18"]

1. d4 d5 2. c4 e6 3. Nc3 Nf6 4. cxd5 exd5 5. Bg5 Be7 6. e3 O-O 7. Bd3 h6 8. Bh4
Be6 9. Nge2 c5 10. Rc1 Nbd7 11. O-O Rc8 12. Bb1 cxd4 13. Nxd4 Qb6 14. Qe2 Rfd8
15. Rfd1 Nc5 16. Nf5 Bxf5 17. Bxf5 Ne6 18. Bxf6 Bxf6 19. Nxd5 Rxc1 20. Nxf6+
gxf6 21. Rxc1 Qd6 22. Bg4 Qe5 23. h3 Qa5 24. Qf3 Qe5 25. Qxb7 Kg7 26. Qb4 Rb8
27. Qc3 Qd6 28. b3 Qa6 29. Qc4 Qd6 30. Bxe6 Qxe6 31. Qxe6 fxe6 32. Rc7+ Kg6 33.
Rxa7 1-0

[Event "European Youth Chess Championship B14"]
[Site "Prague, Top Hotel Prague"]
[Date "2016.08.26"]
[Round "8.28"]
[White "Oboladze, Luka"]
[Black "Tryggestad, Andreas Garberg"]
[Result "1/2-1/2"]
[WhiteElo "2076"]
[BlackElo "2161"]
[PlyCount "120"]
[EventDate "2016.08.18"]

1. e4 c5 2. Nc3 e6 3. g3 d5 4. exd5 exd5 5. Bg2 Nf6 6. Nge2 d4 7. Ne4 Nxe4 8.
Bxe4 Bd7 9. O-O Bc6 10. Bxc6+ Nxc6 11. d3 Bd6 12. Nf4 O-O 13. Qf3 Qf6 14. Qg2
Rfe8 15. Nd5 Qf5 16. Bf4 Bxf4 17. Nxf4 Ne5 18. h4 h6 19. h5 b6 20. Rfe1 Qg5 21.
Re2 Ng4 22. Rae1 Nf6 23. Rxe8+ Rxe8 24. Rxe8+ Nxe8 25. Qb7 Qd8 26. Qxa7 Nf6 27.
Qb7 Ng4 28. Qc6 Ne5 29. Qd5 Qe8 30. Qe4 Qb8 31. Nd5 b5 32. f4 Ng4 33. Qf5 Qd8
34. Qc8 Qxc8 35. Ne7+ Kf8 36. Nxc8 Ne3 37. c3 c4 38. Kf2 cxd3 39. Ke1 dxc3 40.
bxc3 d2+ 41. Kxd2 Nf1+ 42. Kd3 Nxg3 43. Nd6 Nxh5 44. Ke3 Nf6 45. Nxb5 Nd5+ 46.
Ke4 Nb6 47. Kd4 h5 48. c4 h4 49. c5 Na4 50. Nd6 h3 51. c6 h2 52. c7 Nb6 53. Kc5
h1=Q 54. Kxb6 Ke7 55. c8=Q Kxd6 56. Qf8+ Ke6 57. Qe8+ Kd6 58. Qxf7 Qc6+ 59. Ka5
Qc3+ 60. Kb5 Qc5+ 1/2-1/2

[Event "European Youth Chess Championship B14"]
[Site "Prague, Top Hotel Prague"]
[Date "2016.08.26"]
[Round "8.29"]
[White "Morgunov, Daniel"]
[Black "Vlachos, Anatole"]
[Result "0-1"]
[WhiteElo "2098"]
[BlackElo "2160"]
[PlyCount "82"]
[EventDate "2016.08.18"]

1. e4 c5 2. Nf3 e6 3. d3 Nc6 4. g3 d5 5. Qe2 Nf6 6. Bg2 Be7 7. O-O b6 8. e5 Nd7
9. c4 d4 10. Nfd2 Bb7 11. f4 Qc7 12. Ne4 O-O-O 13. Na3 a6 14. Nc2 Rdg8 15. a3
g5 16. b4 gxf4 17. gxf4 cxb4 18. axb4 Nxb4 19. Nxb4 Bxb4 20. Ba3 Bxa3 21. Rxa3
Kb8 22. Rf2 Rg7 23. Ng3 Rhg8 24. Bxb7 Qxb7 25. Qb2 h5 26. Kf1 h4 27. Ne4 h3 28.
Ng5 Nxe5 29. Qxd4 Nc6 30. Qd6+ Ka7 31. Rfa2 a5 32. Ra4 f6 33. Nxh3 Nb8 34. Nf2
Rg1+ 35. Ke2 R8g2 36. Qd4 Ka6 37. Rb2 Nc6 38. Qd6 e5 39. c5 Nd4+ 40. Kd2 Rxf2+
41. Kc3 Rc1+ 0-1

[Event "European Youth Chess Championship B14"]
[Site "Prague, Top Hotel Prague"]
[Date "2016.08.26"]
[Round "8.30"]
[White "Kalavannan, Koby"]
[Black "Pravda, Krystof"]
[Result "1-0"]
[WhiteElo "2146"]
[BlackElo "1682"]
[PlyCount "65"]
[EventDate "2016.08.18"]

1. d4 d5 2. Nf3 Nf6 3. c4 e6 4. g3 Be7 5. Bg2 O-O 6. O-O c5 7. cxd5 exd5 8.
dxc5 Bxc5 9. a3 Re8 10. b4 Bb6 11. Nc3 a6 12. Bb2 Nc6 13. Qd3 g6 14. Rfd1 Bf5
15. Qd2 Ng4 16. Nxd5 Bxf2+ 17. Kf1 Ba7 18. Qc3 f6 19. Nxf6+ Qxf6 20. Qxf6 Nxf6
21. Bxf6 Rf8 22. Bg5 Bc2 23. Rd7 Rf7 24. Rxf7 Kxf7 25. Rc1 Bf5 26. Bf4 Re8 27.
Ng5+ Kg8 28. Bd5+ Kh8 29. Bxc6 bxc6 30. Rxc6 Re7 31. Rxa6 h6 32. Nf3 Bh3+ 33.
Ke1 1-0

[Event "European Youth Chess Championship B14"]
[Site "Prague, Top Hotel Prague"]
[Date "2016.08.26"]
[Round "8.31"]
[White "Dolansky, Lukas"]
[Black "Amon, Nejc"]
[Result "0-1"]
[WhiteElo "2067"]
[BlackElo "2138"]
[PlyCount "72"]
[EventDate "2016.08.18"]

1. e4 c5 2. Nf3 d6 3. d3 Nc6 4. g3 g6 5. Bg2 Bg7 6. O-O e5 7. c3 Nge7 8. a4 O-O
9. Na3 h6 10. Be3 f5 11. Qc1 Kh7 12. Rb1 Be6 13. b3 Qd7 14. Rb2 Rf7 15. b4 f4
16. Bd2 Raf8 17. Qb1 cxb4 18. cxb4 Bg4 19. b5 Nd8 20. Ne1 Be2 21. Bb4 Bxf1 22.
Bxf1 fxg3 23. hxg3 Nc8 24. Ng2 Ne6 25. Ne3 Nd4 26. Be1 h5 27. Nac4 Nb6 28. Nxb6
axb6 29. Qd1 Bh6 30. Nc4 Nf3+ 31. Kh1 h4 32. Bg2 hxg3 33. fxg3 Qg4 34. Bxf3
Rxf3 35. Qe2 Qh3+ 36. Qh2 Rf1# 0-1

[Event "European Youth Chess Championship B14"]
[Site "Prague, Top Hotel Prague"]
[Date "2016.08.26"]
[Round "8.32"]
[White "Fossan, Aleksander"]
[Black "Stefansson, Vignir Vatnar"]
[Result "0-1"]
[WhiteElo "1834"]
[BlackElo "2160"]
[PlyCount "38"]
[EventDate "2016.08.18"]

1. e4 c6 2. d4 d6 3. Nc3 Qc7 4. Be3 Nf6 5. f3 e5 6. d5 Be7 7. a4 cxd5 8. Nxd5
Nxd5 9. Qxd5 Be6 10. Qd2 O-O 11. Ne2 Nd7 12. Nc3 f5 13. Be2 fxe4 14. fxe4 Nb6
15. Bxb6 Qxb6 16. Bf3 Bh4+ 17. Kd1 Rac8 18. Kc1 Qc5 19. Nd5 Bg5 0-1

[Event "European Youth Chess Championship B14"]
[Site "Prague, Top Hotel Prague"]
[Date "2016.08.26"]
[Round "8.33"]
[White "Pribelszky, Bence"]
[Black "Lund, Gunnar"]
[Result "1-0"]
[WhiteElo "2161"]
[BlackElo "1913"]
[PlyCount "63"]
[EventDate "2016.08.18"]

1. e4 e5 2. Nf3 Nc6 3. Bc4 Bc5 4. c3 Nf6 5. d3 O-O 6. Nbd2 a6 7. O-O d6 8. Bb3
Be6 9. Qe2 h6 10. h3 Ba7 11. Rd1 Bxb3 12. axb3 Ne7 13. Nf1 Ng6 14. Ng3 Re8 15.
Nf5 c6 16. Nh2 d5 17. Qf3 Re6 18. Ng4 Nxg4 19. hxg4 Nh4 20. Qh3 Nxf5 21. gxf5
Re8 22. Qg4 Kh8 23. g3 Qb6 24. Rf1 Qd8 25. Kg2 dxe4 26. dxe4 Qd6 27. Rh1 Qd7
28. Bg5 Qd6 29. f6 Qf8 30. fxg7+ Qxg7 31. Rxh6+ Kg8 32. Bf6 1-0

[Event "European Youth Chess Championship B14"]
[Site "Prague, Top Hotel Prague"]
[Date "2016.08.26"]
[Round "8.34"]
[White "Bystritskiy, Daniil"]
[Black "Chukavin, Kirill"]
[Result "0-1"]
[WhiteElo "1906"]
[BlackElo "2146"]
[PlyCount "200"]
[EventDate "2016.08.18"]

1. d4 Nf6 2. c4 e6 3. Nf3 b6 4. g3 Bb7 5. Bg2 c5 6. e3 Qc7 7. b3 cxd4 8. exd4
d5 9. Bf4 Bd6 10. Bxd6 Qxd6 11. Nbd2 Nc6 12. O-O Rd8 13. Rc1 dxc4 14. Nxc4 Qb8
15. Re1 Qa8 16. Qe2 O-O 17. Red1 Nd5 18. Nfe5 Nde7 19. Nxc6 Bxc6 20. Bxc6 Qxc6
21. Ne3 Qb7 22. Qb5 Rd7 23. Rc2 Rfd8 24. Rcd2 h6 25. h3 Qe4 26. Qc4 Qb7 27. Qf1
h5 28. Qg2 Qxg2+ 29. Kxg2 Nc6 30. d5 Ne7 31. d6 Nc8 32. Nc4 b5 33. Na3 a6 34.
Rc1 Rxd6 35. Rxd6 Nxd6 36. Rc6 b4 37. Nc2 a5 38. Ra6 Ne4 39. Kf3 Nxf2 40. Rxa5
f5 41. h4 Ne4 42. Nxb4 Kf7 43. Ra7+ Kf6 44. Rc7 g5 45. Rh7 Kg6 46. Rc7 Rd1 47.
hxg5 Rg1 48. Rc6 Rxg3+ 49. Ke2 Nxg5 50. Nd3 Rg2+ 51. Ke3 Kf6 52. Nf4 Rg3+ 53.
Ke2 Ke5 54. Nxh5 Rh3 55. Ng7 Rh2+ 56. Kf1 Rxa2 57. Rc5+ Kf4 58. Nh5+ Kg4 59.
Nf6+ Kf3 60. Rc3+ Kf4 61. Nh5+ Ke5 62. Rc5+ Kd6 63. Rb5 Rh2 64. Ng3 Kc6 65. Ra5
Rh4 66. Ke2 Rf4 67. b4 Rf3 68. Nf1 Kd6 69. Nd2 Rc3 70. Ra6+ Kd5 71. b5 Rc5 72.
Nb1 Ne4 73. Na3 Nc3+ 74. Kf3 Nxb5 75. Nxb5 Rxb5 76. Ra8 Ke5 77. Ra3 Rb4 78.
Ra5+ Kf6 79. Ra6 Re4 80. Rb6 Rd4 81. Ra6 Ke5 82. Ra5+ Rd5 83. Ra6 Rd3+ 84. Ke2
Rb3 85. Ra5+ Kf6 86. Ra6 f4 87. Kf2 Kf5 88. Ra8 e5 89. Rf8+ Ke4 90. Ra8 Rb2+
91. Kf1 f3 92. Ra4+ Ke3 93. Ra3+ Kf4 94. Ra8 e4 95. Kg1 Ke3 96. Ra3+ Ke2 97.
Kh2 f2 98. Ra4 e3 99. Rg4 f1=Q 100. Rg2+ Qxg2+ 0-1

[Event "European Youth Chess Championship B14"]
[Site "Prague, Top Hotel Prague"]
[Date "2016.08.26"]
[Round "8.35"]
[White "Michaelides, Konstantinos"]
[Black "Popvasilev, Kaloyan"]
[Result "1-0"]
[WhiteElo "2092"]
[BlackElo "1860"]
[PlyCount "123"]
[EventDate "2016.08.18"]

1. e4 c5 2. Nf3 d6 3. d4 cxd4 4. Nxd4 Nf6 5. Nc3 Nc6 6. Bc4 e6 7. Be3 a6 8. Qe2
Qc7 9. O-O-O b5 10. Bb3 Na5 11. f3 Nxb3+ 12. axb3 b4 13. Na4 Bd7 14. g4 Bxa4
15. bxa4 Nd7 16. Kb1 Nc5 17. b3 Be7 18. h4 Kd7 19. Bf4 Kc8 20. Bg3 Rd8 21. Ka2
Rb8 22. Qc4 Qb6 23. Rc1 Kb7 24. Rhd1 Rdc8 25. Qe2 Ka8 26. Qd2 Qa5 27. Kb2 Qb6
28. Bf2 Qa5 29. Re1 g6 30. f4 Nd7 31. Ne2 Nc5 32. Qe3 Rb7 33. Qf3 Bf6+ 34. Bd4
Bxd4+ 35. Nxd4 Rbc7 36. Red1 Kb8 37. Rd2 Qb6 38. Rcd1 Qb7 39. Re1 Rd7 40. Re3
Rcd8 41. Rd1 d5 42. e5 Rc8 43. f5 Rdc7 44. h5 Qb6 45. Re2 Ne4 46. Rh2 Rc3 47.
Qf1 gxh5 48. gxh5 Nc5 49. fxe6 Nxe6 50. Nxe6 fxe6 51. Qf7 R8c7 52. Qg8+ Kb7 53.
Rdd2 Qe3 54. Qxe6 R3c5 55. Qf5 Qc3+ 56. Kb1 Rg7 57. Rhg2 Re7 58. e6 Rc6 59.
Qxd5 Rexe6 60. Rde2 Red6 61. Re7+ Kb6 62. a5# 1-0

[Event "European Youth Chess Championship B14"]
[Site "Prague, Top Hotel Prague"]
[Date "2016.08.26"]
[Round "8.36"]
[White "Colonetti, Fabio"]
[Black "Kalabukhov, Bogdan"]
[Result "0-1"]
[WhiteElo "1833"]
[BlackElo "2090"]
[PlyCount "72"]
[EventDate "2016.08.18"]

1. e4 c5 2. Nf3 d6 3. d4 cxd4 4. Qxd4 Nc6 5. Bb5 a6 6. Bxc6+ bxc6 7. c4 e5 8.
Qd3 Nf6 9. Nc3 Be7 10. O-O O-O 11. h3 h6 12. Be3 Be6 13. Rfd1 Qb8 14. b3 Rd8
15. Qe2 d5 16. Bd2 dxe4 17. Nxe4 Bf5 18. Nxf6+ Bxf6 19. Bc3 Re8 20. Rac1 Qc7
21. Re1 Re6 22. Nd2 Bg6 23. c5 Qe7 24. b4 Bg5 25. Red1 a5 26. Nc4 axb4 27. Bxb4
e4 28. Nb6 Re8 29. Rd7 Qf6 30. a4 e3 31. f3 Bh4 32. Rcd1 Bf2+ 33. Kh1 Bf5 34.
R1d4 Qg5 35. a5 Bxh3 36. Qf1 Bf5 0-1

[Event "European Youth Chess Championship B14"]
[Site "Prague, Top Hotel Prague"]
[Date "2016.08.26"]
[Round "8.37"]
[White "Ongut, Tamas Gunes"]
[Black "Nehyba, Martin"]
[Result "0-1"]
[WhiteElo "2063"]
[BlackElo "1824"]
[PlyCount "116"]
[EventDate "2016.08.18"]

1. e4 c5 2. Nf3 Nc6 3. Bb5 e5 4. O-O Nge7 5. c3 d6 6. h3 Bd7 7. Re1 g6 8. d4
Bg7 9. Bg5 exd4 10. Bxc6 bxc6 11. cxd4 cxd4 12. Nxd4 c5 13. Nb3 Bxb2 14. N1d2
h6 15. Bf4 Be6 16. Rb1 Bg7 17. Nf3 Nc8 18. Qd2 g5 19. Bh2 O-O 20. Rbd1 Qb6 21.
Qe3 a5 22. e5 a4 23. Nbd2 d5 24. Rb1 Qa5 25. Rec1 c4 26. Nd4 Ne7 27. Rb5 Qa7
28. N2f3 Rab8 29. Qa3 Rxb5 30. Nxb5 Qa5 31. Nbd4 Re8 32. Rb1 Bf8 33. Rb5 Qa6
34. Qc3 Nc6 35. Rb1 Nxd4 36. Nxd4 Qa7 37. h4 Rb8 38. Rd1 Bb4 39. Qg3 Qc7 40.
hxg5 hxg5 41. Qxg5+ Kf8 42. Qh6+ Ke7 43. Qf6+ Kd7 44. Nxe6 fxe6 45. Qf7+ Be7
46. Bg3 Qc5 47. Qf4 Rb4 48. Rc1 c3 49. Qf3 c2 50. Qd3 Rc4 51. Qd2 Qc6 52. f4
Ba3 53. f5 Bxc1 54. fxe6+ Qxe6 55. Qxc1 Qb6+ 56. Bf2 Qb1 57. Be3 Qxc1+ 58. Bxc1
Rd4 0-1

[Event "European Youth Chess Championship B14"]
[Site "Prague, Top Hotel Prague"]
[Date "2016.08.26"]
[Round "8.38"]
[White "Kopylov, Daniel"]
[Black "Loukopoulos, Panagiotis-Athana"]
[Result "1/2-1/2"]
[WhiteElo "2050"]
[BlackElo "1663"]
[PlyCount "76"]
[EventDate "2016.08.18"]

1. e4 e5 2. Nf3 Nc6 3. d4 exd4 4. Nxd4 Bc5 5. Nb3 Bb6 6. Nc3 Nge7 7. Qe2 O-O 8.
Be3 f5 9. O-O-O f4 10. Bxb6 axb6 11. Qh5 d6 12. Bc4+ Kh8 13. Nd4 Nxd4 14. Rxd4
Nc6 15. Rdd1 Ne5 16. Qe2 c6 17. f3 b5 18. Bb3 b4 19. Nb1 b5 20. a3 bxa3 21.
Nxa3 Rf6 22. c3 Be6 23. Bxe6 Rxe6 24. g3 Qf6 25. Rhf1 Ree8 26. Kc2 d5 27. Qd2
fxg3 28. f4 Nc4 29. Nxc4 bxc4 30. hxg3 Rxe4 31. Kb1 Qe7 32. Rfe1 h6 33. Rc1 Qa7
34. Rxe4 Qa2+ 35. Kc2 Qb3+ 36. Kb1 Qa2+ 37. Kc2 Qb3+ 38. Kb1 Qa2+ 1/2-1/2

[Event "European Youth Chess Championship B14"]
[Site "Prague, Top Hotel Prague"]
[Date "2016.08.26"]
[Round "8.39"]
[White "Kramich, Aliaksei"]
[Black "Bulockin, Martin"]
[Result "0-1"]
[WhiteElo "1629"]
[BlackElo "2010"]
[PlyCount "74"]
[EventDate "2016.08.18"]

1. e4 c5 2. Nf3 d6 3. d4 cxd4 4. Nxd4 Nf6 5. Nc3 Nc6 6. Bc4 Qb6 7. Nde2 e6 8.
Bb3 Be7 9. O-O O-O 10. Be3 Qc7 11. Ng3 a6 12. Qe2 Na5 13. f4 Nxb3 14. axb3 Bd7
15. Bd4 b5 16. e5 Ne8 17. f5 dxe5 18. fxe6 Bxe6 19. Bxe5 Qc6 20. Nf5 Bc5+ 21.
Kh1 Bxf5 22. Rxf5 g6 23. Rf3 f5 24. Rd1 Nf6 25. Bxf6 Rxf6 26. Qe5 Re8 27. Qg3
Rf7 28. Nd5 Qb7 29. Rc3 Bf8 30. Rcd3 Bg7 31. c3 a5 32. Re3 Rxe3 33. Qxe3 Rf8
34. Qe6+ Kh8 35. Rd3 Qf7 36. Nf4 Re8 37. Rd8 Rxd8 0-1

[Event "European Youth Chess Championship B14"]
[Site "Prague, Top Hotel Prague"]
[Date "2016.08.26"]
[Round "8.40"]
[White "Svanda, Ondrej"]
[Black "Novotny, Martin"]
[Result "1-0"]
[WhiteElo "1927"]
[BlackElo "1557"]
[PlyCount "89"]
[EventDate "2016.08.18"]

1. e4 c5 2. Nc3 Nc6 3. f4 g6 4. Nf3 Bg7 5. Bb5 e6 6. Bxc6 bxc6 7. e5 d5 8. exd6
Qxd6 9. O-O Nf6 10. d3 O-O 11. Ne5 Bb7 12. Qf3 Qc7 13. Qf2 Nd7 14. Be3 Nxe5 15.
fxe5 Bxe5 16. Bxc5 Qd7 17. d4 Bg7 18. Ne4 Ba6 19. Bxf8 Rxf8 20. Rfd1 Qb7 21.
Nc5 Qc8 22. Nxa6 Qxa6 23. c3 Qb6 24. b4 Qb5 25. Qf1 Qb6 26. Qf2 Qb5 27. a4 Qc4
28. Qe3 Rd8 29. Rab1 a6 30. Qf3 Rd5 31. Qd3 Qxd3 32. Rxd3 e5 33. c4 Rd8 34. d5
e4 35. Rdd1 cxd5 36. Rxd5 Rc8 37. c5 Kf8 38. b5 axb5 39. axb5 Rxc5 40. Rxc5
Bd4+ 41. Kf1 Bxc5 42. b6 Bd6 43. b7 Bb8 44. g3 Ke7 45. Rc1 1-0

[Event "European Youth Chess Championship B14"]
[Site "Prague, Top Hotel Prague"]
[Date "2016.08.26"]
[Round "8.41"]
[White "Kaasen, Tor Fredrik"]
[Black "Lomandong, Marc-Antoine"]
[Result "1-0"]
[WhiteElo "2229"]
[BlackElo "1918"]
[PlyCount "77"]
[EventDate "2016.08.18"]

1. d4 d5 2. c4 e6 3. Nc3 Nf6 4. cxd5 exd5 5. Bg5 Nbd7 6. e3 c6 7. Bd3 Be7 8.
Nf3 O-O 9. Qc2 h6 10. Bh4 b6 11. O-O Bb7 12. Rab1 Re8 13. b4 Rc8 14. Rfc1 Ne4
15. Bxe7 Qxe7 16. Bxe4 dxe4 17. Nd2 Nf6 18. Qa4 Ba8 19. Qb3 Red8 20. Nc4 c5 21.
dxc5 bxc5 22. b5 Nd5 23. Na4 Nb4 24. a3 Nd3 25. Rc2 Bd5 26. Qc3 Qg5 27. Nab2
Be6 28. Kh1 Qh4 29. Rf1 Rd5 30. f3 Rh5 31. g3 Qh3 32. Kg1 Nxb2 33. Nxb2 exf3
34. Nd3 Bd5 35. Nf4 f2+ 36. Rfxf2 Qg4 37. Nxh5 Qxh5 38. Qd3 Qe5 39. Qf5 1-0

[Event "European Youth Chess Championship B14"]
[Site "Prague, Top Hotel Prague"]
[Date "2016.08.26"]
[Round "8.42"]
[White "Gloser, David"]
[Black "Stevanic, David"]
[Result "0-1"]
[WhiteElo "1900"]
[BlackElo "2127"]
[PlyCount "128"]
[EventDate "2016.08.18"]

1. e4 e5 2. Nf3 Nc6 3. Bc4 Bc5 4. d4 Bxd4 5. Nxd4 Nxd4 6. f4 d6 7. O-O Nf6 8.
fxe5 dxe5 9. Bg5 Be6 10. Bxf6 gxf6 11. Bxe6 Nxe6 12. Nc3 c6 13. Qh5 Qe7 14.
Rad1 Rd8 15. Qh6 Rd7 16. Rxd7 Kxd7 17. Qxf6 Qxf6 18. Rxf6 Ke7 19. Rf2 Rd8 20.
Kf1 b5 21. Ke1 Rd4 22. Rd2 b4 23. Rxd4 Nxd4 24. Na4 Nxc2+ 25. Kd2 Nd4 26. Kd3
Kd6 27. Kc4 Nc2 28. b3 Ne3+ 29. Kxb4 Nxg2 30. Ka5 Ne1 31. Ka6 Nf3 32. Kxa7 Nd2
33. Nc3 Kc5 34. Kb7 h5 35. a4 Nxb3 36. Ne2 h4 37. Ng1 f6 38. Nf3 Kb4 39. Nxh4
c5 40. Nf5 c4 41. Ne3 Nd2 42. a5 Kxa5 43. Kc6 Kb4 44. Kd5 c3 45. h4 Kb3 46. h5
Nf1 47. h6 Nxe3+ 48. Ke6 c2 49. h7 c1=Q 50. h8=Q Qc6+ 51. Kf7 Qxe4 52. Qb8+ Kc3
53. Kxf6 Qf5+ 54. Kg7 e4 55. Qc7+ Nc4 56. Qg3+ Qf3 57. Qe1+ Nd2 58. Qa1+ Kd3
59. Qa6+ Ke3 60. Qb6+ Ke2 61. Qb5+ Kf2 62. Qc5+ e3 63. Kh8 Ne4 64. Qb6 Qf6+ 0-1